00861cam a2200229 a 450000100100000000500170001000800410002704000290006808200170009710000280011424500190014226000650016130000200022649000470024660000400029365000680033383000580040191000280045904900090048795201200049699900150061600000652820200929153939.0830404s1982 cl 000 0aspa d aDO-SdBNPbspacLCdBNPHU a928.83bE26q1 aEdwards, Isabel.91812110a¿Quién soy? a[Santiago, Chile] :bAgrupación Amigos del Libro,c[1982]. a44 p. ;c18 cm.1 aQuién es quién en las letras chilenas?10aEDWARDS, ISABELxBIOGRAFÍA918122 4aAutoras chilenas authors, chileanySIGLO XXxBiografía918123 0a¿Quién es quién en las letras chilenas? ;918124 aCatalogación derivada aBNGR 001054708MOaGRbGRcCTd2009-08-31iLF1l0o928.83 E26qp6528-10r2020-06-25w2020-06-25y4ZPréstamo en sala c6319d6319